Transcreations : (Record no. 102285)

MARC details
000 -LEADER
fixed length control field 00599nam a22001937a 4500
005 - DATE AND TIME OF LATEST TRANSACTION
control field 20160812151351.0
010 ## - LCCN (DPL NO)
LC control number ENG-115749
020 ## - INTERNATIONAL STANDARD BOOK NUMBER
International Standard Book Number 9789384002404
Terms of availability 600.00
035 ## - SYSTEM CONTROL NUMBER
System control number EN-99281
037 ## - SOURCE OF ACQUISITION
Source of stock number/acquisition DBAD/PUB
082 ## - DEWEY DECIMAL CLASSIFICATION NUMBER
Classification number 863.1
100 ## - MAIN ENTRY--PERSONAL NAME
Personal name Bhattacharya, Jyoti
245 ## - TITLE STATEMENT
Title Transcreations :
Statement of responsibility, etc by Jyoti Bhattacharya
Remainder of title some experiments on Tagore Song /
260 ## - PUBLICATION, DISTRIBUTION, ETC. (IMPRINT)
Place of publication, distribution, etc Kolkata
Name of publisher, distributor, etc Gangchil
Date of publication, distribution, etc 2015
270 ## - ADDRESS
Address Matir Bari,Onkar Park,Ghola Bazar
City Kolkata
Postal code 700111
300 ## - PHYSICAL DESCRIPTION
Extent 308p.
Dimensions 21cm(Hb)
500 ## - GENERAL NOTE
General note Includes bibliographical referenes
942 ## - ADDED ENTRY ELEMENTS (KOHA)
Source of classification or shelving scheme Dewey Decimal Classification
Item type English Books
Classification part 863.1
Call number suffix BHA
Holdings
Withdrawn status Lost status Not for loan Collection code Home library Current library Date acquired Source of acquisition Cost, normal purchase price Full call number Barcode Copy number Cost, replacement price Koha item type
      Non-fiction Shahdara Branch Shahdara Branch 12/08/2016 DBAD/PUB 600.00 863.1 BHA EN-99281 1 600.00 English Books

© Delhi Public Library
Hit Counter
free hit counter